书目信息 |
| 题名: |
汽车CAN总线系统原理、设计与应用
|
|
| 作者: | 罗峰 , 孙泽昌 著 | |
| 分册: | ||
| 出版信息: | 北京 电子工业出版社 2010.01 |
|
| 页数: | 11, 356页 | |
| 开本: | 26cm | |
| 丛书名: | 嵌入式及技术与应用丛书 | |
| 单 册: | ||
| 中图分类: | U463.62 | |
| 科图分类: | ||
| 主题词: | 汽车--qi che--计算机控制系统--总线 , 汽车--qi che , 计算机控制系统--ji suan ji kong zhi xi tong , 总线--zong xian | |
| 电子资源: | ||
| ISBN: | 978-7-121-09777-5 | |
| 000 | 01165nam 2200313 450 | |
| 001 | 0106081820 | |
| 005 | 20201106082044.0 | |
| 010 | @a978-7-121-09777-5@dCNY59.00 | |
| 100 | @a20100324e20192010em y0chiy50 ea | |
| 101 | 0 | @achi |
| 102 | @aCN@b110000 | |
| 105 | @aa z 000yy | |
| 106 | @ar | |
| 200 | 1 | @a汽车CAN总线系统原理、设计与应用@Aqi che CAN zong xian xi tong yuan li 、 she ji yu ying yong@f罗峰, 孙泽昌著 |
| 210 | @a北京@c电子工业出版社@d2010.01@h2019.12 | |
| 215 | @a11, 356页@c图@d26cm | |
| 225 | 2 | @a嵌入式及技术与应用丛书@Akan ru shi ji ji shu yu ying yong cong shu |
| 300 | @a飞思卡尔系列 | |
| 330 | @a本书分为10章,内容包括:CAN总线基本原理、飞思卡尔微控制器与MSCAN、CAN总线收发器、基于CAN总线的标定协议、汽车车身CAN总线系统设计等。 | |
| 461 | 0 | @12001 @a嵌入式及技术与应用丛书 |
| 606 | 0 | @a汽车@Aqi che@x计算机控制系统@x总线 |
| 606 | 0 | @a汽车@Aqi che |
| 606 | 0 | @a计算机控制系统@Aji suan ji kong zhi xi tong |
| 606 | 0 | @a总线@Azong xian |
| 690 | @aU463.62@v5 | |
| 701 | 0 | @a罗峰@Aluo feng@f(1969~)@4著 |
| 701 | 0 | @a孙泽昌@Asun ze chang@f(1953~)@4著 |
| 801 | 0 | @aCN@bBJSZM@c20201106 |
| 905 | @b1192148-51@dU463.62@e933@f4 | |
| 汽车CAN总线系统原理、设计与应用/罗峰, 孙泽昌著.-北京:电子工业出版社,2010.01(2019.12) |
| 11, 356页:图;26cm.-(嵌入式及技术与应用丛书) |
| 飞思卡尔系列 |
| ISBN 978-7-121-09777-5:CNY59.00 |
| 本书分为10章,内容包括:CAN总线基本原理、飞思卡尔微控制器与MSCAN、CAN总线收发器、基于CAN总线的标定协议、汽车车身CAN总线系统设计等。 |
| ● |
| 相关链接 |
|
|
|
|
正题名:汽车CAN总线系统原理、设计与应用
索取号:U463.62/933
 
预约/预借
| 序号 | 登录号 | 条形码 | 馆藏地/架位号 | 状态 | 备注 |
| 1 | 1192148 | 211921483 | 第二样本阅览室/ [索取号:U463.62/933] | 在馆 | |
| 2 | 1192149 | 211921492 | 第三借阅区/ [索取号:U463.62/933] | 在馆 | |
| 3 | 1192150 | 211921508 | 第三借阅区/ [索取号:U463.62/933] | 在馆 | |
| 4 | 1192151 | 211921517 | 第三借阅区/ [索取号:U463.62/933] | 在馆 |